000 00359nam a2200145Ia 4500
005 20251222152620.0
008 251222s9999||||xx |||||||||||||| ||spa||
020 _a846630844X
082 _a863.64/P46
100 _aPérez- Reverte, Arturo
245 0 _aEl Caballero del Jubón Amarillo
250 _a2da.ed.
264 _bPunto de Lectores
942 _cLIB
999 _c27308
_d27308